RANZLAND QUIZ - Statistiken

Allgemein
  • Dieses Quiz wurde 8 mal gespielt
  • Das Durchschnittsergebnis liegt bei 12 aus 46
Antwortstatistiken
Hint Antwort % Korrekt
Strophe 1 Heil
100%
Wort*innen den
67%
Wort*innen Den
67%
Wort*innen Kollege
67%
Wort*innen Kollegenschwein
67%
Wort*innen Auftrag
33%
Wort*innen Benelux
33%
Wort*innen bereist
33%
Wort*innen Bring'n
33%
Wort*innen durchkämmt
33%
Wort*innen einen
33%
Strophe 2 Einmal
33%
Wort*innen Ganz
33%
Wort*innen Gnadenlos
33%
Wort*innen großer
33%
Wort*innen Ham
33%
Wort*innen heißt
33%
Wort*innen hütend
33%
Wort*innen ihr
33%
Wort*innen ihr
33%
Wort*innen jungen
33%
Wort*innen Land
33%
Wort*innen Mann
33%
Wort*innen Rhein
33%
Wort*innen Ritzenkeim
33%
Wort*innen sein
33%
Wort*innen wein
33%
Wort*innen Xantener
33%
Wort*innen zum
33%
Wort*innen zum
33%
Wort*innen bis
0%
Wort*innen Bleibliose
0%
Wort*innen Die
0%
Wort*innen dreist
0%
Wort*innen eines
0%
Wort*innen Kam
0%
Wort*innen lang
0%
Wort*innen Leben
0%
Wort*innen Lothar
0%
Wort*innen Nam
0%
Wort*innen Pilgern
0%
Wort*innen Seele
0%
Wort*innen Tages
0%
Wort*innen Und
0%
Wort*innen uneingeschränkt
0%
Wort*innen wurden
0%
Keine übereinstimmenden Quizze gefunden
Verteilung der Resultate
Anzahl Personen mit jedem Resultat
Perzentil nach korrekt beantworteten Fragen
Ihre Resultats-Entwicklung
Sie haben dieses Quiz noch nicht gespielt